Quick Pick: World Cup Final Scorers Quiz Stats

Quiz Updated Sep 5, 2017

Challenge
Share
Tweet
Embed
Score 0/12 Timer 01:30
2 Plays Today
% Correct
Andrés Iniesta
86.6%
Pelé
80.5%
Mario Götze
80%
Zinedine Zidane
78.9%
Gerd Müller
76.4%
Geoff Hurst
66.4%
Emmanuel Petit
65.8%
Ronaldo Luís
58.4%
Carlos Alberto
53.7%
Marco Materazzi
52.6%
Mario Kempes
49.2%
Jairzinho
48.4%

Today's Daily Dose

You're not logged in!

Compare scores with friends on all Sporcle quizzes.
Sign Up with Email
OR
Log In

You Might Also Like...

Show Comments

Extras

Top Quizzes Today


Score Distribution

Your Account Isn't Verified!

In order to create a playlist on Sporcle, you need to verify the email address you used during registration. Go to your Sporcle Settings to finish the process.